<?xml version="1.0" encoding="UTF-8"?>
<collection xmlns="http://www.loc.gov/MARC21/slim">
<record>
  <controlfield tag="001">4492</controlfield>
  <controlfield tag="005">20200106172400.0</controlfield>
  <datafield tag="037" ind1=" " ind2=" ">
    <subfield code="a">OUTRTLK-2020-0038</subfield>
  </datafield>
  <datafield tag="100" ind1=" " ind2=" ">
    <subfield code="a">Vanlommel, Petra</subfield>
  </datafield>
  <datafield tag="245" ind1=" " ind2=" ">
    <subfield code="a">PECASUS - wanneer is de zon een gevaar voor vliegtuigen</subfield>
  </datafield>
  <datafield tag="260" ind1=" " ind2=" ">
    <subfield code="c">2019</subfield>
  </datafield>
  <datafield tag="269" ind1=" " ind2=" ">
    <subfield code="c">2019-12-05</subfield>
  </datafield>
  <datafield tag="520" ind1=" " ind2=" ">
    <subfield code="a">Uitbarstingen op de zon kunnen zo hevig zijn dat ze de luchtvaart op aarde verstoren. Navigatie- en communicatiesystemen aan boord van een vliegtuig functioneren minder goed of kunnen het laten afweten ten gevolge van een zonnestorm. In extreme gevallen kan zelfs de gezondheid van passagiers en boordpersoneel in gevaar zijn.  Reden genoeg om een wereldwijd dienstencentrum PECASUS uit de grond te stampen dat piloten en luchtvaart-organisaties waarschuwt wanneer een ernstige zonnestorm woedt.</subfield>
  </datafield>
  <datafield tag="594" ind1=" " ind2=" ">
    <subfield code="a">STCE</subfield>
  </datafield>
  <datafield tag="773" ind1=" " ind2=" ">
    <subfield code="t">Elcker-Ik, Antwerpen</subfield>
  </datafield>
  <datafield tag="856" ind1="0" ind2=" ">
    <subfield code="f">petra.vanlommel@observatoire.be</subfield>
  </datafield>
  <datafield tag="980" ind1=" " ind2=" ">
    <subfield code="a">OUTRTLK</subfield>
  </datafield>
</record>
</collection>